Enciclopedia de los símbolos
সংরক্ষণ করুন:
| প্রধান লেখক: | |
|---|---|
| বিন্যাস: | গ্রন্থ |
| ভাষা: | স্প্যানিশ |
| প্রকাশিত: |
Barcelona
Robin Book
1996
|
| মালা: | Horizontes del Espíritu
|
| বিষয়গুলি: | |
| ট্যাগগুলো: |
ট্যাগ যুক্ত করুন
কোনো ট্যাগ নেই, প্রথমজন হিসাবে ট্যাগ করুন!
|
MARC
| LEADER | 00000nam a2200000 a 4500 | ||
|---|---|---|---|
| 001 | UCT0377 | ||
| 003 | CL-VaPUC | ||
| 008 | 960830e19960000SP |||||||||||||||||spa|d | ||
| 082 | 0 | 4 | |a 704.9 |b BEC |2 21 |
| 100 | 0 | |a Becker, Udo |e author |9 369019 | |
| 245 | 1 | 0 | |a Enciclopedia de los símbolos |
| 300 | |a 350 p | ||
| 942 | |c BK | ||
| 945 | |d 19960830 00:00:00 |a nastorga | ||
| 260 | |a Barcelona |b Robin Book |c 1996 | ||
| 650 | 0 | |a Símbolos |9 267425 | |
| 650 | 0 | |a Mitología |9 255719 | |
| 650 | 0 | |a Historia del arte |9 314877 | |
| 650 | 0 | |a Cultura |9 269059 | |
| 650 | 0 | |a Signos |9 337575 | |
| 650 | 0 | |a Lenguajes simbólicos |9 328174 | |
| 583 | |a last modification |c 19960830 00:00:00 |k Rodrigo Vera | ||
| 490 | 0 | |a Horizontes del Espíritu | |
| 999 | |c 251385 |d 251383 | ||
| 952 | |0 0 |1 2 |4 0 |6 704_900000000000000_BEC_1996 |7 0 |8 F |9 270500 |a BIBTEO |b BIBTEO |d 2019-11-19 |i 3300625 |o 704.9 BEC 1996 |p 3300625 |r 2019-11-19 |w 2019-11-19 |y BK_F |k ICR | ||
| 952 | |0 0 |1 0 |4 0 |6 704_900000000000000_BEC_1996 |7 0 |8 F |9 270501 |a BIBARQ |b BIBARQ |d 2019-11-19 |i 3310884 |o 704.9 BEC 1996 |p 3310884 |r 2025-01-20 |w 2019-11-19 |y BK_F |k ARQ | ||